Obálka Náhled e-knihy:
PDF Epub
Pro půjčování e-knih musíte být přihlášeni.
Jak si půjčit online?

Vodník /

Krimithriller české autorky. V brdském údolí bublá něco temnějšího než kalné vody rybníků.

Uloženo v:
Série:Tomáš Vyskočil a Honza Richter, část 2
Hlavní autor: Bartošová, Tereza, 1985- (Autor)
Médium: E-kniha
Jazyk:Czech
Vydáno: Praha : Motto, 2023
Vydání:1. vydání
Témata:
Příbuzné jednotky:Z cyklu:: Tomáš Vyskočil a Honza Richter
Tagy:
Žádné tagy
LEADER 02311nam a2200421 i 4500
001 311822
003 CZ PrSKC
005 20260601215712.0
007 ta
008 230208s2023 xr g 000 f cze
015 |a cnb003499770 
020 |a 9788026724230  |q (vázáno) :  |c Kč 399,00 
035 |a (OCoLC)1375349538 
040 |a ABG001  |b cze  |e rda 
072 7 |a 821.162.3-3  |x Česká próza  |2 Konspekt 
080 |a 821.162.3-31  |2 MRF 
080 |a (0:82-312.4)  |2 MRF 
100 1 |a Bartošová, Tereza,  |d 1985-  |7 xx0282310  |4 aut 
245 1 0 |a Vodník /  |c Tereza Bartošová 
250 |a 1. vydání 
264 1 |a Praha :  |b Motto,  |c 2023 
300 |a 302 stran ;  |c 21 cm 
336 |a text  |b txt  |2 rdacontent 
337 |a bez média  |b n  |2 rdamedia 
338 |a svazek  |b nc  |2 rdacarrier 
500 |a Obálkový podnázev: kriminální případ, který smrdí bahnem 
520 2 |a Krimithriller české autorky. V brdském údolí bublá něco temnějšího než kalné vody rybníků.  |b Emina kamarádka zmizí bez jediného slova. O dva dny později se v nedaleké vesničce objeví tělo. Probralo se v údolí protkaném říčkou Litavkou, jejími slepými rameny a starodávnými mlýny k životu něco děsivého? Nebo zaúřadovala obyčejná lidská zloba? Celý případ smrdí bahnem a pořádným průšvihem i kvůli Emě, která se vyšetřovatelům neustále motá pod nohy. Dojde k odhalení pachatele dřív, než vodník zaklapne pokličku na hrníčku s novou dušičkou? Nakladatelská anotace. 
655 7 |a české romány  |7 fd133974  |2 czenas 
655 7 |a detektivní romány  |7 fd132010  |2 czenas 
655 9 |a Czech fiction  |2 eczenas 
655 9 |a detective novels  |2 eczenas 
787 0 8 |i Z cyklu:  |t Tomáš Vyskočil a Honza Richter  |g 2 
900 |a ABA001  |b 21 
928 9 |a Albatros Media - Motto 
044 |a xr 
910 |a RBIT002 
998 |d 367287  |a https://core.palmknihy.cz/api/books/367287/cover?si6yk6  |b https://core.palmknihy.cz/api/books/367287/cover/400?si6yk6  |c https://core.palmknihy.cz/api/books/367287/cover/50?si6yk6  |e 2032-12-31  |g 304  |i 9788026724230  |j https://core.palmknihy.cz/api/books/367287/preview.epub  |k https://core.palmknihy.cz/api/books/367287/preview.pdf  |l   |q 49  |r 1  |s https://www.palmknihy.cz/kniha/367287  |t ebook  |y 2023  |z 0  |v Kriminálka z Příbrami  |w 2 
999 |d 311820